[Event "TH-S-1145"]
[Site "IECC email"]
[Date "2019.05.09"]
[Round "?"]
[White "Klawitter, Bernd"]
[Black "Nubosi Pupin, Emmanuel"]
[Result "1-0"]
[WhiteElo "1208"]
[BlackElo "1138"]
[PlyCount "25"]
[EventDate "2019.??.??"]
[EventType "tourn (corr)"]
[SourceTitle "Corr 2020"]
[Source "ChessBase"]
[SourceDate "2019.09.30"]
[SourceVersion "1"]
[SourceVersionDate "2019.09.30"]
[SourceQuality "1"]
[WhiteTeam "Germany"]
[BlackTeam "CMR"]
[WhiteTeamCountry "GER"]

1. d4 Nf6 2. Bg5 e6 3. Nd2 h6 4. Bh4 g5 5. Bg3 Nc6 6. c3 d5 7. Qc2 Nh5 8. e3 Nxg3 9. hxg3 Bd7 10. Be2 Qf6 11. Bh5 0-0-0 12. g4 e5 13. Nb3 1-0

[Event "IECC TH-M-3071"]
[Site "IECC email"]
[Date "2016.08.25"]
[Round "?"]
[White "Nubosi Pupin, Emmanuel"]
[Black "Domingues, Marcos"]
[Result "0-1"]
[WhiteElo "1128"]
[BlackElo "1410"]
[PlyCount "42"]
[EventDate "2016.??.??"]
[EventType "tourn (corr)"]
[SourceTitle "Corr 2020"]
[Source "ChessBase"]
[SourceDate "2019.09.30"]
[SourceVersion "1"]
[SourceVersionDate "2019.09.30"]
[SourceQuality "1"]
[WhiteTeam "CMR"]
[BlackTeam "Brazil"]
[BlackTeamCountry "BRA"]

1. c4 e5 2. Nc3 Nf6 3. g3 d5 4. cxd5 Nxd5 5. Bg2 Nb6 6. Nf3 Nc6 7. a3 Be6 8. 0-0 Nd4 9. Nxd4 exd4 10. Ne4 f5 11. Qc2 fxe4 12. Qxe4 Qd5 13. Qc2 Qc4 14. Qe4 c6 15. Bh3 Kf7 16. d3 Qd5 17. Qf4+ Kg8 18. Bxe6+ Qxe6 19. Qc7 Qf7 20. Qxf7+ Kxf7 21. Bd2 Re8 0-1

[Event "IECC CL7-2012.11 email"]
[Site "IECC email"]
[Date "2012.10.17"]
[Round "?"]
[White "Horrell, Peter"]
[Black "Nubosi Pupin, Emmanuel"]
[Result "1-0"]
[WhiteElo "1116"]
[BlackElo "1077"]
[PlyCount "69"]
[EventDate "2012.??.??"]
[EventType "tourn (corr)"]
[EventRounds "4"]
[SourceTitle "Telechess CBM 165"]
[Source "ChessBase"]
[SourceDate "2015.03.11"]
[SourceVersion "1"]
[SourceVersionDate "2015.03.11"]
[SourceQuality "1"]
[WhiteTeam "Australia"]
[BlackTeam "CMR"]
[WhiteTeamCountry "AUS"]

1. e4 e5 2. Nf3 Nc6 3. Bb5 a6 4. Ba4 Nf6 5. Nc3 Be7 6. 0-0 0-0 7. d4 d6 8. Be3 Bg4 9. Bxc6 bxc6 10. dxe5 dxe5 11. Qxd8 Rfxd8 12. Nxe5 Rd6 13. f3 Bh5 14. Bc5 Re6 15. Bxe7 Rxe5 16. Bxf6 gxf6 17. g4 Bg6 18. f4 Rxe4 19. Nxe4 Bxe4 20. c3 Re8 21. Rae1 Kf8 22. Rf2 Bd5 23. Rxe8+ Kxe8 24. a3 Bb3 25. g5 fxg5 26. fxg5 Ke7 27. Rf6 Kd7 28. Rh6 Bc2 29. b4 Bg6 30. h4 Bd3 31. h5 Bc2 32. Kf2 Bd3 33. Ke3 Bc2 34. Kf4 Bd3 35. Ke5 1-0

[Event "IECC M1-2012.T006"]
[Site "IECC email"]
[Date "2012.02.13"]
[Round "?"]
[White "Johnson, Daniel"]
[Black "Nubosi Pupin, Emmanuel"]
[Result "1-0"]
[WhiteElo "1123"]
[BlackElo "1021"]
[PlyCount "51"]
[EventDate "2012.??.??"]
[EventType "match (corr)"]
[EventRounds "2"]
[SourceTitle "Telechess CBM 165"]
[Source "ChessBase"]
[SourceDate "2015.03.11"]
[SourceVersion "1"]
[SourceVersionDate "2015.03.11"]
[SourceQuality "1"]
[WhiteTeam "Australia"]
[BlackTeam "CMR"]
[WhiteTeamCountry "AUS"]

1. e4 c5 2. f4 Nf6 3. e5 Nd5 4. Qf3 e6 5. Bc4 Nb6 6. d3 Qh4+ 7. g3 Qd8 8. Nc3 Nxc4 9. dxc4 Nc6 10. Be3 Nb4 11. 0-0-0 Rb8 12. a3 Nc6 13. Nh3 a6 14. Na4 b6 15. f5 Bb7 16. Qh5 Nxe5 17. Rhe1 g6 18. fxg6 fxg6 19. Qxe5 Rg8 20. Ng5 Rg7 21. Nxe6 Re7 22. Nc7+ Kf7 23. Rf1+ Kg8 24. Qf4 Rc8 25. Nd5 Rf7 26. Qxf7+ 1-0